Southville International School and Colleges
Your cart is empty.
  • Cart
  • Lists
    Public lists Eva Luna New books Lux_list list_1
    Your lists Log in to create your own lists
  • Log in to your account
  • Your cookies
  • Search history
Southville International School and Colleges
  • Advanced search
  • Recent comments
  • Most popular
  • Libraries

Log in to your account

Log in with GOOGLE


If you do not have an external account, but do have a local account, you can still log in:

  1. Home
  2. MARC view: You can go up /
Normal view MARC view ISBD view

You can go up / (Record no. 15106)

[ view plain ]
MARC details
000 -LEADER
fixed length control field 00963nam a22003253a 4500
001 - CONTROL NUMBER
control field 16398479
003 - CONTROL NUMBER IDENTIFIER
control field OSt
005 - DATE AND TIME OF LATEST TRANSACTION
control field 20141028092347.0
008 - FIXED-LENGTH DATA ELEMENTS--GENERAL INFORMATION
fixed length control field 870629s1984 flu 000 0 eng d
010 ## - LIBRARY OF CONGRESS CONTROL NUMBER
LC control number 98812699
020 ## - INTERNATIONAL STANDARD BOOK NUMBER
International Standard Book Number 0939286033 :
Terms of availability $2.95
035 ## - SYSTEM CONTROL NUMBER
System control number (OCoLC)ocm16101005
040 ## - CATALOGING SOURCE
Original cataloging agency CLE
Transcribing agency CLE
Modifying agency DLC
050 00 - LIBRARY OF CONGRESS CALL NUMBER
Classification number BJ 1611
Item number .St918 1984
082 ## - DEWEY DECIMAL CLASSIFICATION NUMBER
Classification number M 230.044
Item number St8 1984
100 1# - MAIN ENTRY--PERSONAL NAME
Personal name Stringfellow, Bill.
245 10 - TITLE STATEMENT
Title You can go up /
Statement of responsibility, etc Bill and Dee Stringfellow
260 ## - PUBLICATION, DISTRIBUTION, ETC. (IMPRINT)
Place of publication, distribution, etc Clermont, FL :
Name of publisher, distributor, etc Concerned Publications,
Date of publication, distribution, etc c1984.
300 ## - PHYSICAL DESCRIPTION
Extent 144 p. ;
Dimensions 18 cm.
526 ## - STUDY PROGRAM INFORMATION NOTE
Reading level 1210L to 1700L
562 ## - COPY AND VERSION IDENTIFICATION NOTE
Number of copies for circulation. 1 copy available in the collection
650 #0 - SUBJECT ADDED ENTRY--TOPICAL TERM
Topical term or geographic name as entry element Conduct of life.
650 #0 - SUBJECT ADDED ENTRY--TOPICAL TERM
Topical term or geographic name as entry element Success.
650 #0 - SUBJECT ADDED ENTRY--TOPICAL TERM
Topical term or geographic name as entry element Prayer.
700 1# - ADDED ENTRY--PERSONAL NAME
Personal name Stringfellow, Dee.
710 2# - ADDED ENTRY--CORPORATE NAME
Corporate name or jurisdiction name as entry element Copyright Paperback Collection (Library of Congress)
Institution to which field applies DLC
906 ## - LOCAL DATA ELEMENT F, LDF (RLIN)
a 7
b cbc
c copycat
d 2
e ncip
f 19
g y-genrareb
942 ## - ADDED ENTRY ELEMENTS (KOHA)
Source of classification or shelving scheme Library of Congress Classification
Koha item type Books
Holdings
Withdrawn status Lost status Source of classification or shelving scheme Damaged status Home library Current library Shelving location Date acquired Source of acquisition Total Checkouts Full call number Barcode Date last seen Price effective from Koha item type
    Library of Congress Classification   Archives Archives   04/18/2012 Donation   BJ 1611 .St918 1984 C1761 05/15/2018 04/18/2012 Books

You can go up /

APA

Stringfellow B., Stringfellow D. & Copyright Paperback Collection (Library of Congress). (1984). You can go up. Clermont, FL: Concerned Publications.

Chicago

Stringfellow Bill, Stringfellow Dee and Copyright Paperback Collection (Library of Congress). 1984. You can go up. Clermont, FL: Concerned Publications.

Harvard

Stringfellow B., Stringfellow D. and Copyright Paperback Collection (Library of Congress). (1984). You can go up. Clermont, FL: Concerned Publications.

MLA

Stringfellow Bill, Stringfellow Dee and Copyright Paperback Collection (Library of Congress). You can go up. Clermont, FL: Concerned Publications. 1984.

  • Place hold
  • Print
  • Cite
  • Add to your cart (remove)
  • Save record
    BIBTEX Dublin Core MARCXML MARC (non-Unicode/MARC-8) MARC (Unicode/UTF-8) MARC (Unicode/UTF-8, Standard) MODS (XML) RIS
  • More searches
    Search for this title in:
    Other Libraries (WorldCat) Other Databases (Google Scholar) Online Stores (Bookfinder.com) Open Library (openlibrary.org)

Exporting to Dublin Core...

SOUTHVILLE LIBRARY

Southville International School and Colleges Library

1281 Tropical Ave. Cor. Luxembourg St., BF Homes International, Las Pinas City

Tel. No. 8256374 / 252358 Loc. 117/146

Powered by Koha